| 000 | 00399nam a2200157Ia 4500 | ||
|---|---|---|---|
| 008 | 210716s2001 xx 000 0 und d | ||
| 020 | _a70447438 | ||
| 041 | _aeng | ||
| 082 | _a004 NORP | ||
| 100 | _aNorton,Peter. | ||
| 245 | _aPeter Nortons introduction to computers. | ||
| 250 | _a4 | ||
| 260 |
_aNew Delhi _bTata Mc Graw Hill _c2001 |
||
| 300 | _aXXX,610 | ||
| 650 | _aComputer Fundamentals | ||
| 999 |
_c184948 _d184948 |
||